000 00291nam a22001337a 4500
008 170516b xxu||||| |||| 00| 0 eng d
020 _a9780671794248
041 _aeng
080 _a94
100 _a16
101 _aSHH
245 _aWHO STOLE FEMINISM
_cSOMMERS.CH.H
942 _2udc
_cBK
999 _c13353
_d13353